000 00558nam a22001937a 4500
003 OSt
005 20160627174719.0
008 160627b xxu||||| |||| 00| 0 eng d
020 _a3540653740
040 _cDNLM.
082 _a QV85A87m 1999.
100 _aEdited by Eadie,Mervyn j;Vajda,J.E.Frank;
_99668
245 _aAntiepileptic Drugs Pharmacology and Therapeutics;
260 _aBerlin;
_bSpringer;
_c1999.
300 _axxxviii,631p;
_bill;
_c24cm.
504 _aincludes index and references.
650 _aPharmacology.
_9357
942 _2z
_cO_SHELF
999 _c4502
_d4502